5HLuxD.jpg

KING HENRY VIII SENIOR AND PRIMARY SCHOOL LIBRARY OPAC

UBER ORIGAMI (Record no. 4442)

000 -LEADER
fixed length control field 00290nam a22001217a 4500
008 - FIXED-LENGTH DATA ELEMENTS--GENERAL INFORMATION
fixed length control field 250218b ||||| |||| 00| 0 eng d
020 ## - INTERNATIONAL STANDARD BOOK NUMBER
International Standard Book Number 9781402771842
082 ## - DEWEY DECIMAL CLASSIFICATION NUMBER
Classification number 736 NGU
100 ## - MAIN ENTRY--PERSONAL NAME
Personal name NGUYEN.DUY
Relator term AUTHOR
245 ## - TITLE STATEMENT
Title UBER ORIGAMI
260 ## - PUBLICATION, DISTRIBUTION, ETC.
Place of publication, distribution, etc. NEW YORK
Name of publisher, distributor, etc. STERLING PUBLISHING
942 ## - ADDED ENTRY ELEMENTS (KOHA)
Source of classification or shelving scheme
Holdings
Withdrawn status Lost status Source of classification or shelving scheme Damaged status Not for loan Collection code Permanent Location Current Location Shelving location Date acquired Total Checkouts Full call number Barcode Date last seen Date last checked out Price effective from Koha item type Public note
          Non-Fiction KH8 Primary School Library KH8 Primary School Library Non Fiction 2025-02-18 6 736 NGU KHPL000006239 2025-12-04 2025-11-27 2025-02-18 Books - Non Ficton KH8 PRIMARY LIBRARY

Powered By KH8 IT Dept